• 首页
  • 本馆介绍
  • 公告通知
  • 最新文献
  • 馆藏检索
  • 电子资源
  • 读者导购
  • 参考咨询
  • 我的图书馆
  • 登录
  • 详细信息显示
  • 放入我的书架
  • 预约/预借图书
  • 作者相关作品
  • 分类相关作品
  • 丛书相关作品
  • 出版社相关作品

书目信息

  • 表格格式
  • 工作单格式
  • 卡片格式
题名:
软法与治理评论
    
 
作者: 罗豪才 主编
分册: 第一辑  
出版信息: 北京   法律出版社  2013
页数: 321页
开本: 23cm
丛书名:
单 册:
中图分类: D922.104
科图分类:
主题词: 公共管理--行政法--研究--中国 , 公共管理 , 行政法
电子资源:
ISBN: 978-7-5118-4950-2
000 01107nam0 2200277 450
001 523
005 20140908080846.73
010    @a978-7-5118-4950-2@dCNY42.00
100    @a20131111d2013 em y0chiy50 ea
101 0  @achi@eeng
102    @aCN@b110000
105    @ay z 000yy
106    @ar
200 1  @a软法与治理评论@ARuan Fa Yu Zhi Li Ping Lun@h第一辑@HDi Yi Ji@dSoft law and governance review@h1@f罗豪才主编@FLuo Hao Cai Zhu Bian@zeng
210    @a北京@c法律出版社@d2013
215    @a321页@d23cm
300    @a北京大学法学院软法研究中心主办
330    @a本书是《软法与治理评论》的首卷,主要内容有三:第一是2011年7月北京大学法学院召开的“软法理论域实践国际研讨会”上部分专家、学者的致辞以及会议论文;第二是2010年北京大学软法研究中心面向全国招标的部分课题的成果;第三是翻译外国具有代表性的软法论文。
510 1  @aSoft law and governance review@h1@zeng
606 0  @a公共管理@x行政法@x研究@y中国
606 0  @a公共管理
606 0  @a行政法
690    @aD922.104@v5
701  0 @a罗豪才@ALuo Hao Cai@f(1934~)@4主编
801  0 @aCN@bTANGWEI@c20140603
905    @b0839269-71@dD922.104@e1071:1@f3
    
    软法与治理评论.第一辑=Soft law and governance review.1/罗豪才主编.-北京:法律出版社,2013
    321页;23cm
    北京大学法学院软法研究中心主办
    
    ISBN 978-7-5118-4950-2:CNY42.00
    本书是《软法与治理评论》的首卷,主要内容有三:第一是2011年7月北京大学法学院召开的“软法理论域实践国际研讨会”上部分专家、学者的致辞以及会议论文;第二是2010年北京大学软法研究中心面向全国招标的部分课题的成果;第三是翻译外国具有代表性的软法论文。
●
相关链接 在E读中查询图书 在五车中查询图书 在当当中查询图书 在豆瓣中查询图书


正题名:软法与治理评论     索取号:D922.104/1071:1         预约/预借

序号 登录号 条形码 馆藏地/架位号 状态 备注
1 0839269   208392693   第一样本阅览室/ [索取号:D922.104/1071:1] 在馆    
2 0839270   208392700   密集书库-史法系/ [索取号:D922.104/1071:1] 在馆    
3 0839271   208392719   第一借阅区/ [索取号:D922.104/1071:1] 在馆    
唐山师范学院图书馆 欢迎您!
大连网信软件有限公司© 版权所有